| 000 | 01706nam a2200385 i 4500 | ||
|---|---|---|---|
| 999 |
_c3727 _d3727 |
||
| 001 | pr06717264 | ||
| 003 | CaOWLBI | ||
| 005 | 20241003113058.0 | ||
| 008 | 221101s2022 nyua j 000 1 eng d | ||
| 020 | _a9780241583104 | ||
| 040 |
_aCaOWLBI _beng _cCaOWLBI _erda _dCaOWLBI _dCaOL _dKH8 |
||
| 082 | _aFIC KIN | ||
| 100 | 1 |
_aKinney, Jeff, _eauthor, _eillustrator. |
|
| 245 | 1 | 0 |
_aDiary of a wimpy kid. _bDiper överlöde / _cby Jeff Kinney. |
| 246 | 3 | 0 | _aDiper överlöde. |
| 246 | 3 | 3 | _aDiaper overload. |
| 264 | 1 |
_aNew York : _bAmulet Books, _c[2022] |
|
| 264 | 4 | _c©2022. | |
| 300 |
_a217 pages : _billustrations ; _c21 cm. |
||
| 336 |
_atext _btxt _2rdacontent. |
||
| 336 |
_astill image _2rdaconten. |
||
| 337 |
_aunmediated _bn _2rdamedia. |
||
| 338 |
_avolume _bnc _2rdacarrier. |
||
| 490 | 1 |
_aDiary of a wimpy kid ; _v17. |
|
| 520 | _aGreg Heffley is finding out that the road to fame and glory comes with some hard knocks. When he decides to tag along with his brother Rodrick's band, Löded Diper, Greg doesn't realize what he's getting into. But he soon learns that late nights, unpaid gigs, fighting between band members, and money troubles are all part of the rock 'n' roll lifestyle. Can Greg help Löded Diper become the legends they think they are? Or will too much time with Rodrick's band be a diper överlöde? | ||
| 600 | 1 | 0 |
_aHeffley, Greg _vJuvenile fiction. |
| 650 | 0 |
_aBrothers _vJuvenile fiction. |
|
| 650 | 0 |
_aDiaries _vJuvenile fiction. |
|
| 650 | 0 |
_aFamilies _vJuvenile fiction. |
|
| 650 | 0 |
_aRock groups _vJuvenile fiction. |
|
| 650 | 0 |
_aFamilies _vJuvenile fiction. |
|
| 650 | 7 |
_aHumorous fiction. _2genre. |
|
| 830 | 0 |
_aDiary of a wimpy kid ; _v17. |
|
| 942 |
_2ddc _cFIC |
||